| 000 | 00423nam a22001697a 4500 | ||
|---|---|---|---|
| 999 |
_c1356 _d1356 |
||
| 005 | 20210901145700.0 | ||
| 008 | 160521b xxu||||| |||| 00| 0 eng d | ||
| 020 | _a81-219-0298-3 | ||
| 041 | _aeng | ||
| 082 |
_b3986 _a330.954 |
||
| 100 |
_aDatt,Ruddar and Sundharam, K.P.M. _94168 |
||
| 245 | _aIndian Economy | ||
| 260 |
_aNew Delhi _bSultan Chand & Sons, |
||
| 300 | _a962 | ||
| 650 |
_aManagement _9241 |
||
| 942 | _cBK | ||